| 000 | 00602 a2200229 4500 | ||
|---|---|---|---|
| 001 | 22279 | ||
| 999 |
_c22279 _d5784 |
||
| 003 | TR-AnTOB | ||
| 005 | 20190322122058.0 | ||
| 008 | 041102s1999 tu tur | ||
| 020 | _a9755123857 | ||
| 035 | _a22279 | ||
| 041 | _atur | ||
| 050 |
_aLC53.T9 _bU58 1999 |
||
| 090 | _aLC53.T9 U58 1999 | ||
| 245 | 0 | _aUlusal eğitimde özel okulların yeri ve sorunları | |
| 264 | 1 |
_aİstanbul : _bİstanbul Ticaret Odası, _c1999 |
|
| 300 |
_a62 p. ; _c24 cm |
||
| 490 | 0 |
_aİstanbul Ticaret Odası Yayın; No. _a1999-60 |
|
| 650 |
_aÖzel okullar _zTürkiye _915674 |
||
| 902 | _a0004199 | ||
| 942 | _cBK | ||